| 000 | 00418nam a22001457a 4500 | ||
|---|---|---|---|
| 008 | 230619b xxu||||| |||| 00| 0 eng d | ||
| 020 | _a9966767010 | ||
| 082 |
_a305.569 _bCBS |
||
| 110 | _bCentral Bureau of Statistics | ||
| 245 |
_aGeographic Dimensions of Well-being in Kenya _bWho and Where are the poor? |
||
| 260 |
_aKenya _bCentral Bureau of Statistics _c2005 |
||
| 300 | _a80p | ||
| 440 | _vII | ||
| 942 |
_2ddc _cBK |
||
| 999 |
_c1383 _d1383 |
||